000
00306nam a2200121Ia 4500
005
20251223131551.0
008
251219s9999 xx 000 0 und d
041
_a
eng
100
_a
Dickens C
_9
214365
245
_a
Tale of two cities
260
_b
Rupa Publication/ India
_c
1999
300
_a
416
_b
Paper Back
999
_c
369494
_d
369494